| 000 | 00794nam a22002297a 4500 | ||
|---|---|---|---|
| 005 | 20100730153012.0 | ||
| 010 | _aENG-97429 | ||
| 020 |
_a8172112912 _c600.00 |
||
| 020 |
_a9788172112912 _c600.00 |
||
| 035 | _aEN-80962 | ||
| 037 | _bDBAD/PUB | ||
| 082 | _a250 | ||
| 245 |
_aLanguage and truth in Buddhism / _cedited by Ragunath Ghosh [and] Jyotish Chandra Basak |
||
| 260 |
_aNew Delhi _bNorthern Book Centre _c2010 |
||
| 270 |
_a4221/1, Ansari Road, Daryaganj _bNew Delhi _e110002 |
||
| 300 |
_axiv, 180p. _c21cm (Hb) |
||
| 500 | _aIncludes index | ||
| 700 |
_aGhosh, Raghunath _92780 |
||
| 700 |
_aBasak, Jyotish Chandra _92781 |
||
| 942 |
_2ddc _cEN _h250 _mLAN |
||
| 999 |
_c38309 _d38309 |
||